00277 a2200121 4500001000700000020001800007040003500025100002500060240002900085245002400114300000800138362000900146156302 a9788516081096 cEscola São Tomás de Aquino aCANTO, Eduardo Leite10aCiências Naturaislpor10aCiências Naturais a2720 a2012